[Event "KUW-ch"]
[Site "Kuwait City"]
[Date "2024.01.31"]
[Round "8"]
[White "Hussain, Hashem"]
[Black "Hashem, Khaled"]
[Result "1-0"]
[WhiteElo "1642"]
[BlackElo "1868"]
[PlyCount "75"]
[EventDate "2024.01.22"]
[EventType "swiss"]
[EventRounds "9"]
[EventCountry "KUW"]
[SourceTitle "CB07_2024"]
[SourceDate "2024.02.14"]
[SourceVersion "1"]
[SourceVersionDate "2024.02.14"]
[SourceQuality "1"]

1. e4 e5 2. Nf3 Nc6 3. Bb5 Nge7 4. 0-0 g6 5. c3 Bg7 6. d4 exd4 7. cxd4 0-0 8. d5 Nb8 9. d6 cxd6 10. Qxd6 a6 11. Bc4 b5 12. Bb3 h6 13. Ne5 Bxe5 14. Qxe5 Kh7 15. Nc3 Bb7 16. h4 Nbc6 17. Qf4 Ng8 18. Be3 Qe7 19. Rad1 Ne5 20. Nd5 Bxd5 21. Rxd5 d6 22. Rfd1 Rad8 23. Bd2 Qf6 24. Be3 Qe7 25. a4 bxa4 26. Bxa4 f5 27. Bb6 Nf6 28. Bxd8 Rxd8 29. Ra5 Nxe4 30. Rxa6 Nc5 31. Ra5 Rb8 32. Qd4 Ned3 33. Bc2 Rb4 34. Qc3 Qb7 35. Bxd3 Rb3 36. Qd4 Qb6 37. Ra8 Rxb2 38. Qh8# 1-0

[Event "KUW-ch"]
[Site "Kuwait City"]
[Date "2024.01.23"]
[Round "2"]
[White "Alruwayeh, Talal"]
[Black "Hashem, Khaled"]
[Result "0-1"]
[WhiteElo "1407"]
[BlackElo "1868"]
[PlyCount "54"]
[EventDate "2024.01.22"]
[EventType "swiss"]
[EventRounds "9"]
[EventCountry "KUW"]
[SourceTitle "CB07_2024"]
[SourceDate "2024.02.14"]
[SourceVersion "1"]
[SourceVersionDate "2024.02.14"]
[SourceQuality "1"]

1. e4 e5 2. c4 Nc6 3. Nf3 Bc5 4. a3 a5 5. Nc3 d6 6. d3 Bg4 7. Be2 Nge7 8. Be3 Bxf3 9. gxf3 Nd4 10. f4 exf4 11. Bxf4 Ng6 12. Be3 0-0 13. Nd5 f5 14. exf5 Rxf5 15. Bxd4 Bxd4 16. Ne3 Rxf2 17. Ng4 Rf8 18. Qc2 Qh4+ 19. Kd2 h5 20. Nh6+ gxh6 21. Rag1 Bxg1 22. Rxg1 Rf6 23. Kc1 Qxh2 24. Qd1 Raf8 25. Kb1 h4 26. Bh5 Qxg1 27. Qxg1 Rf1+ 0-1

[Event "Olympiad-44"]
[Site "Chennai"]
[Date "2022.08.02"]
[Round "5.1"]
[White "Alfaro Caracas, William"]
[Black "Hashem, Khaled"]
[Result "1-0"]
[WhiteElo "2155"]
[BlackElo "1870"]
[PlyCount "71"]
[EventDate "2022.07.29"]
[EventType "team-swiss"]
[EventRounds "11"]
[EventCountry "IND"]
[SourceTitle "CBM 210"]
[Source "ChessBase"]
[SourceDate "2022.10.31"]
[SourceVersion "1"]
[SourceVersionDate "2022.10.31"]
[SourceQuality "1"]
[WhiteTeam "Nicaragua"]
[BlackTeam "Kuwait"]
[WhiteTeamCountry "NCA"]
[BlackTeamCountry "KUW"]

1. d4 d5 2. c4 c6 3. Nf3 Nf6 4. Qc2 e6 5. g3 Be7 6. Bg2 0-0 7. 0-0 b6 8. Nbd2 Bb7 9. e4 dxc4 10. Nxc4 c5 11. e5 Nd5 12. dxc5 bxc5 13. Rd1 Nd7 14. h4 h6 15. Bd2 Rb8 16. Qe4 Nc3 17. Qg4 h5 18. Qxh5 Nxd1 19. Rxd1 Be4 20. Ng5 Bg6 21. Qe2 Bc2 22. Rc1 Bg6 23. Ne4 Qc8 24. Ned6 Qa6 25. h5 Bh7 26. h6 Bg6 27. Be4 Nxe5 28. hxg7 Kxg7 29. Bc3 Bxd6 30. Bxg6 fxg6 31. Rd1 Kh7 32. Rxd6 Qxc4 33. Qxe5 Rb7 34. Rxe6 Rbf7 35. Qg5 a5 36. Qxg6# 1-0

[Event "KUW-ch"]
[Site "Qadsiya"]
[Date "2022.03.11"]
[Round "5"]
[White "Hussain, Hashem"]
[Black "Hashem, Khaled"]
[Result "0-1"]
[WhiteElo "1692"]
[BlackElo "1838"]
[PlyCount "68"]
[EventDate "2022.03.06"]
[EventType "tourn"]
[EventRounds "9"]
[EventCountry "KUW"]
[SourceTitle "CBM 207 Extra"]
[Source "ChessBase"]
[SourceDate "2022.05.31"]
[SourceVersion "1"]
[SourceVersionDate "2022.05.31"]
[SourceQuality "1"]

1. e4 e5 2. Nf3 Nc6 3. Bb5 a6 4. Ba4 Nf6 5. d3 b5 6. Bb3 Bd6 7. c3 0-0 8. 0-0 Re8 9. Nbd2 h6 10. Re1 Bf8 11. Nf1 Bb7 12. Ng3 g6 13. Nh4 d5 14. Qf3 Na5 15. Bc2 dxe4 16. dxe4 Nh7 17. Qg4 Bc8 18. Ngf5 Kh8 19. Nxg6+ fxg6 20. Qxg6 Bxf5 21. exf5 Qf6 22. Qh5 Nc4 23. f4 Nd6 24. Be3 Nf7 25. fxe5 Nxe5 26. Bf4 Bg7 27. Rad1 c6 28. Bb3 c5 29. Rd5 Nf3+ 30. Qxf3 Rxe1+ 31. Kf2 Rae8 32. g4 c4 33. Rd6 Qh4+ 34. Bg3 Qh3 0-1

[Event "Budapest FS11 Nadassy"]
[Site "Budapest"]
[Date "2019.11.11"]
[Round "9.4"]
[White "Poor, Sandor"]
[Black "Hashem, Khaled"]
[Result "1-0"]
[WhiteElo "2179"]
[BlackElo "1933"]
[PlyCount "109"]
[EventDate "2019.11.02"]
[EventType "schev"]
[EventRounds "10"]
[EventCountry "HUN"]
[SourceTitle "CBM 193 Extra"]
[Source "ChessBase"]
[SourceDate "2020.01.31"]
[SourceVersion "1"]
[SourceVersionDate "2020.01.31"]
[SourceQuality "1"]
[WhiteTeam "Higher Elo"]
[BlackTeam "Lower Elo"]
[WhiteTeamCountry "HUN"]
[BlackTeamCountry "HUN"]

1. d4 d5 2. c4 c6 3. Nf3 Nf6 4. cxd5 cxd5 5. Nc3 Nc6 6. Bf4 e6 7. e3 a6 8. Bd3 Bd6 9. Bxd6 Qxd6 10. 0-0 0-0 11. h3 e5 12. dxe5 Nxe5 13. Be2 Bd7 14. Qd4 Nc6 15. Qh4 Qb4 16. Qxb4 Nxb4 17. a3 Nc6 18. Rfd1 Be6 19. Nd4 Rfd8 20. Nxc6 bxc6 21. Na4 a5 22. Rac1 Rdc8 23. Nb6 Rab8 24. Nxc8 Rxc8 25. b4 axb4 26. axb4 Kf8 27. Rd2 Ne4 28. Rdc2 Rb8 29. Rxc6 Rxb4 30. Bd3 Rb2 31. R6c2 Rb3 32. Bxe4 dxe4 33. h4 h5 34. Kh2 Rb5 35. Rc5 Rb2 36. R1c2 Rxc2 37. Rxc2 Bf5 38. Rc7 f6 39. Kg3 Bg6 40. Kf4 Kg8 41. Re7 Kf8 42. Rxe4 Bxe4 43. Kxe4 Kf7 44. Kf4 Ke6 45. e4 g6 46. f3 Kd6 47. g4 hxg4 48. fxg4 Ke6 49. g5 Kf7 50. gxf6 Kxf6 51. e5+ Ke6 52. Kg5 Kxe5 53. Kxg6 Ke6 54. h5 Ke7 55. Kg7 1-0

[Event "Budapest FS11 Nadassy"]
[Site "Budapest"]
[Date "2019.11.09"]
[Round "7.1"]
[White "Mayer, Istvan"]
[Black "Hashem, Khaled"]
[Result "1-0"]
[WhiteElo "1882"]
[BlackElo "1933"]
[PlyCount "75"]
[EventDate "2019.11.02"]
[EventType "schev"]
[EventRounds "10"]
[EventCountry "HUN"]
[SourceTitle "CBM 193 Extra"]
[Source "ChessBase"]
[SourceDate "2020.01.31"]
[SourceVersion "1"]
[SourceVersionDate "2020.01.31"]
[SourceQuality "1"]
[WhiteTeam "Higher Elo"]
[BlackTeam "Lower Elo"]
[WhiteTeamCountry "HUN"]
[BlackTeamCountry "HUN"]

1. e4 e5 2. Nf3 Nc6 3. Bb5 a6 4. Ba4 Nf6 5. 0-0 Be7 6. c3 Nxe4 7. Bxc6 dxc6 8. Nxe5 0-0 9. d3 Nf6 10. Nd2 Qd5 11. Re1 Be6 12. b3 Rad8 13. Bb2 Rde8 14. Re3 Bf5 15. c4 Qd8 16. Qf3 Bg6 17. Rae1 Bc5 18. R3e2 Bh5 19. g4 Bg6 20. Qg3 Bd4 21. Bxd4 Qxd4 22. Ndf3 Qc3 23. Re3 Qa5 24. a4 c5 25. h4 h6 26. h5 Bh7 27. Qh4 Re6 28. g5 hxg5 29. Nxg5 Rxe5 30. Rxe5 Bxd3 31. h6 gxh6 32. Nh3 Kg7 33. R1e3 Bg6 34. Nf4 h5 35. Qg5 Qb6 36. Re6 Qxe6 37. Rxe6 fxe6 38. Nxe6+ 1-0

[Event "Budapest FS11 Nadassy"]
[Site "Budapest"]
[Date "2019.11.05"]
[Round "4.4"]
[White "Hashem, Khaled"]
[Black "Poor, Sandor"]
[Result "1/2-1/2"]
[WhiteElo "1933"]
[BlackElo "2179"]
[PlyCount "58"]
[EventDate "2019.11.02"]
[EventType "schev"]
[EventRounds "10"]
[EventCountry "HUN"]
[SourceTitle "CBM 193 Extra"]
[Source "ChessBase"]
[SourceDate "2020.01.31"]
[SourceVersion "1"]
[SourceVersionDate "2020.01.31"]
[SourceQuality "1"]
[WhiteTeam "Lower Elo"]
[BlackTeam "Higher Elo"]
[WhiteTeamCountry "HUN"]
[BlackTeamCountry "HUN"]

1. d4 Nf6 2. Nf3 e6 3. g3 c5 4. c3 Nc6 5. Bg2 d5 6. 0-0 cxd4 7. cxd4 Bd6 8. Nc3 h6 9. a3 a5 10. Qd3 0-0 11. e4 dxe4 12. Nxe4 Nxe4 13. Qxe4 Qf6 14. Bd2 Rd8 15. Bc3 Qe7 16. Ne5 Bxe5 17. dxe5 Bd7 18. f4 Qc5+ 19. Kh1 Ne7 20. Bd4 Qd5 21. Qxd5 Nxd5 22. Bxd5 exd5 23. Rac1 Rdc8 24. Rfd1 Bf5 25. Kg1 Bc2 26. Rd2 Be4 27. Rxc8+ Rxc8 28. Bc3 a4 29. Rd4 Rc4 1/2-1/2

[Event "Muscat zt 3.1"]
[Site "Muscat"]
[Date "2015.05.17"]
[Round "1"]
[White "Al Qudaimi, Basheer"]
[Black "Hashem, Khaled"]
[Result "1-0"]
[WhiteElo "2405"]
[BlackElo "1962"]
[PlyCount "109"]
[EventDate "2015.05.17"]
[EventType "swiss"]
[EventRounds "9"]
[EventCountry "OMN"]
[SourceTitle "CBM 166 Extra"]
[Source "ChessBase"]
[SourceDate "2015.06.18"]
[SourceVersion "1"]
[SourceVersionDate "2015.06.18"]
[SourceQuality "1"]

1. e4 e5 2. Nf3 Nc6 3. Bb5 a6 4. Ba4 Nf6 5. 0-0 Be7 6. Re1 b5 7. Bb3 d6 8. c3 0-0 9. h3 Na5 10. Bc2 c5 11. d3 Nc6 12. Nbd2 g6 13. Nf1 Nh5 14. Bh6 Ng7 15. Ne3 Be6 16. Bb3 c4 17. dxc4 Na5 18. cxb5 Nxb3 19. axb3 axb5 20. Qd3 Bxb3 21. Qxb5 Rb8 22. Qd3 Be6 23. b4 Qc7 24. Ra3 Rfc8 25. Rea1 Bf8 26. Bxg7 Kxg7 27. Ng5 Bd7 28. Nd5 Qd8 29. Ra7 h6 30. Nf3 Bb5 31. Qd2 Bc4 32. Nh2 Bxd5 33. Qxd5 Rc7 34. b5 Qd7 35. Rxc7 Qxc7 36. c4 Rc8 37. Ra4 Be7 38. Nf3 Qc5 39. Qxc5 Rxc5 40. Ne1 Bd8 41. Kf1 f5 42. f3 Kf7 43. Ke2 Ke6 44. Nc2 f4 45. Kd3 Rc8 46. Ra6 Be7 47. h4 Bxh4 48. Nb4 Bf2 49. Nd5 h5 50. b6 Rb8 51. Ra7 Bh4 52. Rg7 Bd8 53. Kc2 g5 54. Rh7 h4 55. b7 1-0

[Event "KUW-ch"]
[Site "Kuwait"]
[Date "2015.02.03"]
[Round "6"]
[White "Hashem, Khaled"]
[Black "Al Azmi, Khalaf"]
[Result "1-0"]
[WhiteElo "1909"]
[BlackElo "1748"]
[PlyCount "97"]
[EventDate "2015.01.26"]
[EventType "swiss"]
[EventRounds "9"]
[EventCountry "KUW"]
[SourceTitle "CBM 164 Extra"]
[Source "ChessBase"]
[SourceDate "2015.03.02"]
[SourceVersion "1"]
[SourceVersionDate "2015.03.02"]
[SourceQuality "1"]

1. d4 Nf6 2. c4 g6 3. Nc3 Bg7 4. e4 d6 5. f3 0-0 6. Be3 Nbd7 7. Qd2 e5 8. Nge2 Nb6 9. b3 a5 10. Rd1 Qe7 11. dxe5 dxe5 12. Bxb6 cxb6 13. Qd6 Qe6 14. Nb5 Ne8 15. Qxe6 Bxe6 16. Nec3 Nf6 17. Na4 Rfd8 18. Nxb6 Rxd1+ 19. Kxd1 Rd8+ 20. Nd5 Bd7 21. Nbc3 Bc6 22. Kc2 Nd7 23. Be2 Nf8 24. Ne7+ Kh8 25. h4 Ne6 26. Ned5 Nd4+ 27. Kd3 f5 28. h5 fxe4+ 29. fxe4 g5 30. Rf1 Be8 31. Bg4 b5 32. cxb5 Nxb5 33. Kc4 Nd6+ 34. Kc5 Bf7 35. Kc6 Bxd5+ 36. exd5 Ne8 37. Ne4 h6 38. d6 Nxd6 39. Nxd6 Rb8 40. Be6 Rb4 41. Bc4 Rb8 42. Rf7 Rd8 43. Ra7 Rf8 44. Nf7+ Kh7 45. Nxe5 Rf6+ 46. Kd5 Rf5 47. Bd3 Kg8 48. Bxf5 Bf8 49. Be6+ 1-0